Singer by Photo - Statistics

General Stats
  • This quiz has been taken 486 times
    438 since last reset
  • The average score is 39 of 56
Answer Stats
Picture Answer % Correct
Michael Jackson
94%
Adele
93%
Elvis Presley
92%
Bruno Mars
90%
Ed Sheeran
90%
Elton John
90%
Katy Perry
90%
Rihanna
90%
Britney Spears
89%
Kanye West
89%
Lady Gaga
89%
Ariana Grande
88%
Beyonce
88%
Harry Styles
88%
Pink
88%
Shakira
87%
Drake
85%
Justin Timberlake
85%
Bob Marley
84%
Eminem
83%
Mariah Carey
81%
Miley Cyrus
81%
Billie Eilish
80%
Jay-Z
79%
Amy Winehouse
78%
Whitney Houston
78%
John Lennon
77%
Madonna
76%
Avril Lavigne
74%
Sam Smith
73%
Shawn Mendes
73%
David Bowie
72%
Tupac Shakur
68%
Freddie Mercury
66%
Kurt Cobain
66%
Aretha Franklin
65%
Christina Aguilera
62%
Lana Del Rey
62%
Dua Lipa
61%
Mick Jagger
59%
Lorde
56%
Bono Vox
54%
Ray Charles
53%
Jimi Hendrix
52%
Robbie Williams
48%
Chris Martin
47%
Kesha
47%
Marilyn Manson
47%
Patti Smith
46%
Janis Joplin
44%
Iggy Pop
39%
Jim Morrison
39%
Bob Dylan
34%
Wiz Khalifa
27%
Nina Simone
23%
Mika
21%
No matching quizzes found
Score Distribution
Percent of People with Each Score
Percentile by Number Answered
Your Score History
You have not taken this quiz since the last reset